Detalles MARC
| 000 -LEADER |
| fixed length control field |
05683nam a2200589Ii 4500 |
| 001 - CONTROL NUMBER |
| control field |
DIGPOLIF0129 |
| 003 - CONTROL NUMBER IDENTIFIER |
| control field |
NyNyDIG |
| 006 - FIXED-LENGTH DATA ELEMENTS--ADDITIONAL MATERIAL CHARACTERISTICS |
| fixed length control field |
m o d |
| 008 - FIXED-LENGTH DATA ELEMENTS--GENERAL INFORMATION |
| fixed length control field |
200330s2013 sp ab ob 100 0 spa d |
| 007 - PHYSICAL DESCRIPTION FIXED FIELD--GENERAL INFORMATION |
| fixed length control field |
cr ||||||||||| |
| 035 ## - SYSTEM CONTROL NUMBER |
| System control number |
(OCoLC)1148121824 |
| 040 ## - CATALOGING SOURCE |
| Original cataloging agency |
DGITA |
| Language of cataloging |
eng |
| Description conventions |
rda |
| -- |
pn |
| Transcribing agency |
DGITA |
| 020 ## - INTERNATIONAL STANDARD BOOK NUMBER |
| Canceled/invalid ISBN |
9788496813830 |
| 020 ## - INTERNATIONAL STANDARD BOOK NUMBER |
| Canceled/invalid ISBN |
8496813835 |
| 020 ## - INTERNATIONAL STANDARD BOOK NUMBER |
| Canceled/invalid ISBN |
9788496813816 |
| Qualifying information |
(obra completa) |
| 020 ## - INTERNATIONAL STANDARD BOOK NUMBER |
| Canceled/invalid ISBN |
8496813819 |
| Qualifying information |
(obra completa) |
| 041 0# - LANGUAGE CODE |
| Language code of text/sound track or separate title |
spa |
| -- |
eng |
| -- |
fre |
| -- |
ita |
| 043 ## - GEOGRAPHIC AREA CODE |
| Geographic area code |
e------ |
| -- |
e-sp--- |
| 050 14 - LIBRARY OF CONGRESS CALL NUMBER |
| Classification number |
DP192 ebook |
| 082 04 - DEWEY DECIMAL CLASSIFICATION NUMBER |
| Classification number |
946.055 |
| 245 03 - TITLE STATEMENT |
| Title |
La Corte de los Borbones. |
| Number of part/section of a work |
Volumen II : |
| Remainder of title |
crisis del modelo cortesano / |
| Statement of responsibility, etc. |
José Martínez Millán, Concepción Camarero Bullón, Marcelo Luzzi Traficante (coords.). |
| 246 3# - VARYING FORM OF TITLE |
| Title proper/short title |
Corte de los Borbones : |
| Remainder of title |
crisis del modelo cortesano |
| 264 #1 - PRODUCTION, PUBLICATION, DISTRIBUTION, MANUFACTURE, AND COPYRIGHT NOTICE |
| Place of production, publication, distribution, manufacture |
Madrid : |
| Name of producer, publisher, distributor, manufacturer |
Ediciones Polifemo, |
| Date of production, publication, distribution, manufacture, or copyright notice |
[2013] |
| 300 ## - PHYSICAL DESCRIPTION |
| Extent |
1 online resource : |
| Other physical details |
illustrations, maps. |
| 336 ## - CONTENT TYPE |
| Content type term |
text |
| Source |
rdacontent |
| 337 ## - MEDIA TYPE |
| Media type term |
computer |
| Media type code |
c |
| Source |
rdamedia |
| 338 ## - CARRIER TYPE |
| Carrier type term |
online resource |
| Carrier type code |
cr |
| Source |
rdacarrier |
| 347 ## - DIGITAL FILE CHARACTERISTICS |
| File type |
text file |
| Source |
rdaft |
| 347 ## - DIGITAL FILE CHARACTERISTICS |
| Encoding format |
PDF |
| 490 1# - SERIES STATEMENT |
| Series statement |
Colección La corte en Europa. Temas ; |
| Volume/sequential designation |
8 (Volumen II) |
| 500 ## - GENERAL NOTE |
| General note |
Proceedings of a conference organized by the Instituto Universitario La Corte en Europa en la Universidad Autónoma de Madrid and held December 14-16, 2011. |
| 504 ## - BIBLIOGRAPHY, ETC. NOTE |
| Bibliography, etc. note |
Includes bibliographical references. |
| 505 0# - FORMATTED CONTENTS NOTE |
| Formatted contents note |
Las fiestas de la embajada española en Venecia con ocasión del matrimonio del infante don Felipe y Luisa Isabel de Francia (1739-1740) / Javier Sánchez Márquez -- La crisis del modelo desde las instituciones "periféricas" : élites urbanas y dinámicas de poder en Galicia a finales de Antiguo Régimen / María López Díaz -- Fernando VII, "el tirano de España" : liberales exiliados contra la monarquía borbónica / Juan Luis Simal Durán -- De corte a ciudad liberal : Madrid visto por los soldados polacos / Grzegorz Bąk -- En busca del consenso : las élites tucumanas frente a la política real (1764-1789) / Guillermo Nieva Ocampo -- Reform and difference : Bourbon family policy and thought, 1770-1812 / Nicholas Miller -- Monarcas y gobiernos ante la Independencia de América (1780-1818) : nuevos reinos y cesiones territoriales como elementos de negociación y pacificación / José Miguel Delgado Barrado -- En las redes palatinas : de damas intrigantes a señoras políticas / Mª Victoria López- Cordón Cortezo -- Viejos y nuevos títulos en la corte de los Borbones / Pere Molas Ribalta -- Víctimas ilustradas del despotismo : el conde de Superunda, culpable y reo, ante el conde de Aranda / José Luis Gómez Urdáñez -- Los hombres de Felipe V en el Reino de Mallorca al comienzo de su reinado (1701-1706) / Josep Juan Vidal -- Gritos, honras y blasones : el papel de los Reyes de Armas durante el reinado de Felipe V / José Antonio Guillén Berrendero -- La imagen de Felipe V y su entorno cortesano a través de la correspondencia de Madame la duquesa de Orleáns / José Antonio López Anguita -- "El beneficio de la fidelidad" : Melchor Macanaz y la casa de Villena (1694-1706) / Francisco Precioso Izquierdo -- El duque de San Germán, virrey de Navarra, y la Guerra de Devolución (1667-1668) / Javier Revilla Canora -- El papel político del padre Rávago en la corte de Fernando VI / Niccolò Guasti -- Cortesanas, redes clientelares y espionaje : los casos de la duquesa de Berwick y Liria y de la marquesa de Salas / Naiara Pavía Dopazo -- Teresa Montalvo O'Farrill : una "salonière" criolla en la sociedad española finisecular / Gloria A. Franco Rubio -- De Berbería al Chaco : el intendente García Pizarro y las fronteras de la monarquía española / Rubén González Cuerva -- Les diplomates à la Cour d'Espagne : acteurs et témoins / Lucien Bély -- Le Service d'Honneur du duc d'Orléans, "Philippe VIII", ou la dernière mort de la cour des Bourbons de France / Philippe Loupès -- "Le inclinazioni della Corte" : alcune considerazioni sulla "Istoria delle guerre avvenute in Europa e particolarmente in Italia per la Successione alla Monarchia delle Spagne" di Francesco Maria Ottieri / Francesca Fausta Gallo -- Felipe de Borbón, el ducado de Parma y la corte de Madrid / Mirella Mafrici -- Privilegios provinciales y autoridad regia en tiempos de transición dinástica : la causa del duque de Airola (1699-1702) / Roberto Quirós Rosado -- Il sovrano e la moglie "ministro" : Carlo Emanuele IV e Maria Clotilde di Francia : rapporti personali e politici tra i reali di Sardegna / Federica Contu. |
| 546 ## - LANGUAGE NOTE |
| Language note |
Contributions in Spanish, one in English, two in French and two in Italian. |
| 588 0# - SOURCE OF DESCRIPTION NOTE |
| Source of description note |
Online resource; title from PDF title page (Digitalia, viewed April 1, 2020) |
| 651 #0 - SUBJECT ADDED ENTRY--GEOGRAPHIC NAME |
| Geographic name |
Spain |
| General subdivision |
History |
| Chronological subdivision |
Bourbons, 1700- |
| Form subdivision |
Congresses. |
| 600 30 - SUBJECT ADDED ENTRY--PERSONAL NAME |
| Personal name |
Bourbon, House of |
| Form subdivision |
Congresses. |
| 650 #0 - SUBJECT ADDED ENTRY--TOPICAL TERM |
| Topical term or geographic name entry element |
Monarchy |
| Geographic subdivision |
Spain |
| Form subdivision |
Congresses. |
| 655 #7 - INDEX TERM--GENRE/FORM |
| Genre/form data or focus term |
Conference papers and proceedings. |
| Source of term |
lcgft |
| 655 #0 - INDEX TERM--GENRE/FORM |
| Genre/form data or focus term |
Electronic books. |
| 700 1# - ADDED ENTRY--PERSONAL NAME |
| Personal name |
Martínez Millán, José, |
| Relator term |
editor. |
| 700 1# - ADDED ENTRY--PERSONAL NAME |
| Personal name |
Camarero Bullón, Concepción, |
| Relator term |
editor. |
| 700 1# - ADDED ENTRY--PERSONAL NAME |
| Personal name |
Luzzi Traficante, Marcelo, |
| Relator term |
editor. |
| 710 2# - ADDED ENTRY--CORPORATE NAME |
| Corporate name or jurisdiction name as entry element |
Universidad Autónoma de Madrid. |
| Subordinate unit |
Instituto Universitario "La Corte en Europa", |
| Relator term |
organizing body. |
| 791 2# - |
| -- |
Digitalia (Firm), |
| -- |
distributor. |
| 793 0# - |
| -- |
Digitalia eBook Collection: |
| -- |
Ediciones Polifemo. |
| 776 08 - ADDITIONAL PHYSICAL FORM ENTRY |
| Relationship information |
Print version: |
| Title |
Corte de los Borbones. |
| Place, publisher, and date of publication |
Madrid : Ediciones Polifemo, 2013 |
| International Standard Book Number |
9788496813830 |
| 830 #0 - SERIES ADDED ENTRY--UNIFORM TITLE |
| Uniform title |
Colección La Corte en Europa. |
| Name of part/section of a work |
Temas ; |
| Volume/sequential designation |
8. |
| 856 40 - ELECTRONIC LOCATION AND ACCESS |
| Materials specified |
Digitalia Hispánica |
| Uniform Resource Identifier |
<a href="https://www.digitaliapublishing.com/a/57937/">https://www.digitaliapublishing.com/a/57937/</a> |
| 910 ## - USER-OPTION DATA (OCLC) |
| User-option data |
Premium collection: 2020 |
| 942 ## - ADDED ENTRY ELEMENTS (KOHA) |
| Koha item type |
Recurso Electrónico |